[Event "Bundesliga 1999-2000"]
[Site "Godesberg GER"]
[Date "2000.03.12"]
[Round "12"]
[White "Heinbuch,D"]
[Black "Klebel,M"]
[Result "1/2-1/2"]
[WhiteElo "2394"]
[BlackElo "2402"]

1.c4 c6 2.b3 d5 3.Bb2 Nf6 4.Nf3 Bg4 5.d3 Nbd7 6.Nbd2 e6 7.g3 Bd6 8.Bg2 O-O
9.h3 Bxf3 10.Bxf3 e5 11.e3 Re8 12.O-O Qe7 13.a3 Rad8 14.Qc2 e4 15.Bg2 exd3
16.Qxd3 Be5 17.Qc2 Bxb2 18.Qxb2 Nc5  1/2-1/2

[Event "Israeli League"]
[Site "Ramat Aviv ISR"]
[Date "2000.03.17"]
[Round "6"]
[White "Labok,B"]
[Black "Huzman,A"]
[Result "0-1"]
[WhiteElo "2380"]
[BlackElo "2574"]

1.c4 c6 2.Nf3 d5 3.Qc2 g6 4.d3 Bg7 5.g3 e5 6.Bg2 Ne7 7.O-O O-O 8.e4 h6 9.Nc3 Be6
10.b3 d4 11.Ne2 Nd7 12.Ba3 c5 13.b4 Rc8 14.Qa4 a6 15.Rab1 b5 16.cxb5 axb5
17.Qxb5 Ra8 18.Bb2 Qc7  0-1

[Event "Belgian Interteams 1999-2000"]
[Site "Antwerp BEL"]
[Date "2000.03.19"]
[Round "11"]
[White "Deleyn,G"]
[Black "Krijgelmans,J"]
[Result "1/2-1/2"]
[WhiteElo "2182"]
[BlackElo "2223"]

1.c4 c6 2.b3 d5 3.e3 Bf5 4.Nf3 e6 5.Bb2 h6 6.Be2 Nf6 7.O-O Nbd7 8.d3 Qb8
9.Nbd2 Bh7 10.Qc2 Bd6 11.Rfe1 O-O 12.Bf1 a5 13.g3 e5 14.e4 dxe4 15.dxe4 Bc5
16.Bh3 Qa7 17.Re2 Rfe8 18.Rd1 Bg6 19.Nf1 Re7 20.Kg2 Bh5 21.Ne3 Bxe3 22.Rxe3 Nc5
23.Rde1 Nfd7 24.g4 Bg6 25.g5 hxg5 26.Nxg5 f6 27.Nf3 Ne6 28.Bxe6+ Rxe6 29.Nh4 Nf8
30.Rg3 Bh7 31.Rd1 Re7 32.Ba3 c5 33.Nf5 Bxf5 34.exf5 b6 35.Qe4 Qb7 36.Rd5 Rd8
37.Rgd3 Red7 38.Bc1 Rxd5 39.cxd5 Rd7 40.f4 exf4 41.Bxf4 Re7 42.Qf3 Nd7 43.Kf2 Ne5
44.Bxe5 Rxe5 45.d6 Qd7 46.Rd5 Kf8 47.Kg3 b5 48.Qd3 c4 49.bxc4 bxc4 50.Qf3 c3
51.Rxe5 fxe5 52.Qxc3 Qxd6 53.Qxa5 Qd3+ 54.Kg2 Qe4+  1/2-1/2

[Event "16th Spring Festival"]
[Site "Budapest HUN"]
[Date "2000.03.19"]
[Round "3"]
[White "Nguyen Anh Dung"]
[Black "Pataki,G"]
[Result "1-0"]
[WhiteElo "2496"]
[BlackElo "2267"]

1.c4 c6 2.Nf3 d5 3.e3 Nf6 4.Nc3 Bg4 5.cxd5 Nxd5 6.Qb3 Nxc3 7.bxc3 Qb6 8.Qa4 Bxf3
9.gxf3 e6 10.f4 Nd7 11.Bg2 Be7 12.O-O O-O 13.d4 Rfd8 14.Bd2 e5 15.fxe5 Nxe5
16.c4 Ng6 17.Qa5 Qxa5 18.Bxa5 b6 19.Bc3 Rac8 20.Rfe1 Bd6 21.c5 bxc5 22.Ba5 Rf8
23.dxc5 Bb8 24.Rab1 f5 25.f4 Rfe8 26.Kf2 Nh4 27.Bf1 Re7 28.Red1 Ng6 29.Rd8+ Re8
30.Rd7 Nf8 31.Bc4+ Kh8 32.Rdb7  1-0

[Event "Bundesliga 1999-2000"]
[Site "Dresden GER"]
[Date "2000.03.26"]
[Round "13"]
[White "Uhlmann,W"]
[Black "Hector,J"]
[Result "1/2-1/2"]
[WhiteElo "2482"]
[BlackElo "2515"]

1.c4 c6 2.d4 d5 3.Nf3 Nf6 4.Nc3 dxc4 5.a4 Bf5 6.e3 e6 7.Bxc4 Bb4 8.O-O Nbd7
9.h3 O-O 10.Nh4 Bg6 11.Nxg6 hxg6 12.Qb3 Qb6 13.Rd1 Rac8 14.Bd2 a5 15.Ne2 Bxd2
16.Rxd2 Qxb3 17.Bxb3 Rfd8 18.Rad1 Kf8 19.Nc3 Nd5 20.e4 Nb4 21.e5 Ke7 22.Ne4 b6
23.f4 Rh8 24.Kh2 Rh4 25.g3 Rh6 26.h4 Rd8 27.Kg2 Rhh8 28.Kf3 Nb8 29.Bc4 Rd7
30.Rc1 Rhd8 31.Ke3 Ra7 32.g4 N8a6 33.Bxa6 Rxa6 34.Nd6 Raa8 35.f5 gxf5 36.gxf5 Rh8
37.Rh2 exf5 38.Nxf5+ Kd7 39.Rf1 g6 40.Nd6 f6 41.Ne4 f5 42.Nf6+ Ke6 43.Rg1 Rh6
44.h5 Rah8 45.Rhg2 gxh5 46.Ng8 Nd5+ 47.Kf3 Ne7 48.Nxe7 Kxe7 49.Rg7+ Ke6 50.Rc1 c5
51.dxc5 Kxe5 52.Rd7 Rc6 53.Re1+ Kf6 54.Rd5 h4  1/2-1/2

[Event "ch-LTU"]
[Site "Vilnius LTU"]
[Date "2000.03.28"]
[Round "4"]
[White "Gavrikov,Vi"]
[Black "Sarakauskas,G"]
[Result "1-0"]
[WhiteElo "2563"]
[BlackElo "2352"]

1.c4 c6 2.Nf3 d5 3.e3 Nf6 4.Nc3 g6 5.d4 Bg7 6.Be2 O-O 7.O-O a6 8.a4 c5 9.cxd5 Nxd5
10.Qb3 Nxc3 11.bxc3 Qc7 12.Ba3 Nd7 13.Ng5 h6 14.Ne4 cxd4 15.cxd4 Qd8 16.a5 Kh7
17.Rfd1 Rb8 18.Nc3 b5 19.axb6 Rxb6 20.Qa2 Bb7 21.Nd5 Re6 22.Bg4 f5 23.Be2 Bxd5
24.Qxd5 Rb6 25.Qa5 Bf6 26.Bxa6 Qa8 27.Bc5 Nxc5 28.Qxb6  1-0

[Event "Chalapathi GM"]
[Site "Guntur, AP IND"]
[Date "2000.04.07"]
[Round "5"]
[White "Rahman,Zia"]
[Black "Prakash,G"]
[Result "1-0"]
[WhiteElo "2465"]
[BlackElo "2435"]

1.c4 c6 2.d4 d5 3.Nf3 Nf6 4.Nc3 e6 5.Bg5 Nbd7 6.e3 Qa5 7.Nd2 Bb4 8.Qc2 O-O
9.Be2 c5 10.O-O cxd4 11.Nb3 Qb6 12.exd4 dxc4 13.Bxc4 Qc7 14.Nb5 Qc6 15.a3 Be7
16.Qe2 a6 17.Nc3 b5 18.Bd3 Bb7 19.f3 Qb6 20.Kh1 Rfe8 21.Rac1 Nd5 22.Bxe7 Nxe7
23.Nc5 Rad8 24.N3e4 Ba8 25.Qf2 Nb8 26.Bb1 Nbc6 27.Rfd1 Na5 28.Qg3 Bxe4 29.fxe4 Nac6
30.Qf2 Rf8 31.Ba2 Kh8 32.h3 h6 33.b4 a5 34.d5 exd5 35.exd5 Ne5 36.bxa5 Qa7
37.d6 N7c6 38.Qf5 g6 39.Qf6+ Kh7 40.a6 Qb6 41.d7 Qa5 42.Nb7 Qxa3 43.Nxd8 Rxd8
44.Rxc6  1-0

[Event "FSIMB April"]
[Site "Budapest HUN"]
[Date "2000.04.09"]
[Round "9"]
[White "Resika,N"]
[Black "Karttunen,M"]
[Result "0-1"]
[WhiteElo "2190"]
[BlackElo "2313"]

1.c4 c6 2.g3 Nf6 3.Bg2 d5 4.Nf3 g6 5.b3 Bg7 6.Bb2 O-O 7.O-O e6 8.d3 Nbd7
9.Nbd2 Re8 10.Qc2 Qe7 11.Rac1 a5 12.a3 h6 13.Rb1 e5 14.cxd5 cxd5 15.e4 d4
16.Rfc1 b6 17.b4 axb4 18.axb4 Ba6 19.Qb3 Bb5 20.Ra1 Rxa1 21.Rxa1 Bf8 22.Ba3 Rc8
23.Bf1 Rc3 24.Qb1 Qd6 25.Ne1 Rc8 26.Nc4 Qc6 27.f3 Ra8 28.Nc2 Ba4 29.b5 Bxb5
30.Bxf8 Rxa1 31.Qxa1 Kxf8 32.Nb4 Qc5 33.Qa8+ Kg7 34.Na6 Bxa6 35.Qxa6 b5 36.Nb2 Qb4
37.Qa2 Nc5 38.Nd1 Na4 39.Qc2 Qe1 40.Qe2 Qxe2 41.Bxe2 b4 42.f4 b3  0-1

[Event "Bundesliga 1999-2000"]
[Site "Delmenhorst GER"]
[Date "2000.04.09"]
[Round "15"]
[White "Agdestein,S"]
[Black "Khenkin,I"]
[Result "0-1"]
[WhiteElo "2588"]
[BlackElo "2622"]

1.c4 c6 2.e4 d5 3.exd5 Nf6 4.d4 cxd5 5.Nc3 e6 6.Nf3 Bb4 7.cxd5 Nxd5 8.Bd2 Nc6
9.Bd3 Be7 10.Be3 O-O 11.O-O Nxe3 12.fxe3 b6 13.Be4 Bb7 14.Ne5 Nxe5 15.Bxb7 Rb8
16.Ba6 Ng6 17.Nb5 Bg5 18.e4 Qd7 19.Qb3 Rbd8 20.Rad1 Ne7 21.d5 exd5 22.exd5 Nf5
23.Rd3 Rfe8 24.d6 Ne3 25.Nc7 Nxf1 26.Nxe8 Nd2 27.Rxd2 Bxd2 28.Bb5 Qf5 29.d7 Rxd7
30.Nf6+ Qxf6 31.Bxd7 Qd4+  0-1

[Event "73rd City-ch"]
[Site "St Petersburg RUS"]
[Date "2000.04.11"]
[Round "9"]
[White "Lugovoi,A"]
[Black "Ivanov,Se"]
[Result "1/2-1/2"]
[WhiteElo "2515"]
[BlackElo "2543"]

1.c4 c6 2.e4 d5 3.exd5 cxd5 4.d4 Nf6 5.Nc3 g6 6.cxd5 Bg7 7.Nf3 Nxd5 8.Bc4 Nxc3
9.bxc3 Qc7 10.Qe2 Be6 11.Bb5+ Nc6 12.O-O O-O 13.Re1 Bd5 14.Bg5 Rfe8 15.Qe3 a6
16.Ba4 b5 17.Bb3 Rad8 18.Bf4 Qb7 19.Bxd5 Rxd5 20.a4 b4 21.Rab1 Qd7 22.c4 Rxd4
23.Nxd4 Qxd4 24.Qxd4 Bxd4 25.Be3 e5 26.Bxd4  1/2-1/2

[Event "73rd City-ch"]
[Site "St Petersburg RUS"]
[Date "2000.04.12"]
[Round "10"]
[White "Ionov,S"]
[Black "Popov,Val"]
[Result "1/2-1/2"]
[WhiteElo "2558"]
[BlackElo "2534"]

1.c4 c6 2.e4 e5 3.Nf3 Qa5 4.g3 Nf6 5.Qe2 g6 6.Nc3 Bg7 7.Bg2 O-O 8.O-O d6
9.d3 Na6 10.Bd2 Qd8 11.h3 Re8 12.Rad1 Bd7 13.Be3  1/2-1/2

[Event "Val Zemitis IM"]
[Site "San Francisco USA"]
[Date "2000.04.13"]
[Round "8"]
[White "Reizniece,D"]
[Black "Lobo,Ri"]
[Result "0-1"]
[WhiteElo "2259"]
[BlackElo "2300"]

1.c4 c6 2.Nf3 Nf6 3.Nc3 d5 4.e3 e6 5.b3 Bd6 6.Bb2 O-O 7.Qc2 Re8 8.Be2 a6
9.O-O e5 10.c5 Bc7 11.b4 Nbd7 12.Rae1 Nf8 13.h3 Ng6 14.Nh2 h6 15.d3 Nh7 16.Bc1 Nh4
17.e4 d4 18.Nd1 a5 19.f4 exf4 20.Bxf4 Bxf4 21.Rxf4 Qg5 22.Rf2 Bxh3 23.Bf1 Be6
24.a3 axb4 25.axb4 Qe5 26.Nb2 Ra2 27.Nc4 Bxc4 28.Qxc4 Rxf2 29.Kxf2 Qxh2 30.Qxd4 Qf4+
31.Kg1 Nf3+  0-1

[Event "Millennium Masters"]
[Site "Oakham ENG"]
[Date "2000.04.15"]
[Round "5"]
[White "McNab,C"]
[Black "Krush,I"]
[Result "1-0"]
[WhiteElo "2424"]
[BlackElo "2399"]

1.c4 c6 2.Nf3 d5 3.e3 Nf6 4.b3 Bg4 5.Bb2 e6 6.Be2 Nbd7 7.O-O Bd6 8.d4 O-O
9.Nbd2 Ne4 10.Nxe4 dxe4 11.Nd2 Bf5 12.f4 exf3 13.Bxf3 Qh4 14.g3 Qe7 15.Bg2 Bg6
16.c5 Bc7 17.b4 e5 18.Nc4 Rad8 19.Qb3 h5 20.Rad1 exd4 21.exd4 Rfe8 22.d5 cxd5
23.Qc3 Nf6 24.Rxd5 Rxd5 25.Bxd5 b6 26.Bc6 Rc8 27.Ne3 Bd8 28.Nd5 Qf8 29.Rxf6 Bxf6
30.Nxf6+ gxf6 31.Qxf6 Qh6 32.Bd7 Qe3+ 33.Qf2 Qxf2+ 34.Kxf2 Rc7 35.c6 Kf8
36.Bf6 Be4 37.b5 Bd5 38.a4 Be6 39.Bxe6 fxe6 40.Ke3 Rf7 41.Ke4  1-0

[Event "XXXI Open"]
[Site "Mar del Plata ARG"]
[Date "2000.04.17"]
[Round "3"]
[White "Giardelli,S"]
[Black "Hobaica,J"]
[Result "1-0"]
[WhiteElo "2426"]
[BlackElo "2296"]

1.c4 c6 2.Nf3 d5 3.Qc2 Nf6 4.g3 Bg4 5.Bg2 Nbd7 6.d3 e6 7.O-O Be7 8.b3 O-O
9.Bb2 a5 10.a3 b5 11.Nbd2 Qb6 12.cxb5 cxb5 13.Rac1 Bc5 14.h3 Bh5 15.g4 Bg6
16.g5 Nh5 17.Ne5 Ng3 18.Nxd7 Bxf2+ 19.Kh2 Qe3 20.Rxf2 Qxf2 21.Nxf8 Rxf8 22.Qc3 d4
23.Qc7 Nxe2 24.Rf1 Qe3 25.Nf3 Qxd3 26.b4 axb4 27.axb4 f6 28.Ne1 Qe3 29.Ba1 Qxg5
30.Qd6 e5 31.Qd5+ Kh8 32.Qxb5 Qg3+ 33.Kh1 Qe3 34.Kh2 Be4 35.Qxe5  1-0

[Event "Millennium Masters"]
[Site "Oakham ENG"]
[Date "2000.04.17"]
[Round "7"]
[White "Norris,A"]
[Black "Krush,I"]
[Result "0-1"]
[WhiteElo "2301"]
[BlackElo "2399"]

1.c4 c6 2.d4 d5 3.e3 Nf6 4.Nf3 a6 5.c5 Bg4 6.b4 e5 7.Be2 e4 8.Nfd2 Bxe2 9.Qxe2 g6
10.Nb3 Nh5 11.Nc3 f5 12.g3 Ng7 13.h4 Ne6 14.a4 Bg7 15.Ba3 O-O 16.b5 axb5
17.axb5 Nd7 18.Kd2 Nf6 19.Bb4 Rc8 20.Ba5 Qe7 21.Na4 Nh5 22.Nb6 Rce8 23.Bc3 f4
24.gxf4 Nhxf4 25.exf4 Nxf4 26.Qe3 Ng2 27.Qg5 Rxf2+ 28.Kc1 Qf8 29.Kb1 Qf3  0-1

[Event "Redbus KO"]
[Site "Southend ENG"]
[Date "2000.04.21"]
[Round "1.2"]
[White "Davies,N"]
[Black "Lalic,B"]
[Result "1-0"]
[WhiteElo "2497"]
[BlackElo "2548"]

1.c4 c6 2.d4 d5 3.Nc3 Nf6 4.e3 g6 5.Nf3 Bg7 6.Bd3 O-O 7.O-O dxc4 8.Bxc4 Bg4
9.h3 Bxf3 10.Qxf3 Nbd7 11.Rd1 e5 12.Bb3 exd4 13.exd4 Nb6 14.Bg5 Qd6 15.Bf4 Qd7
16.Be5 Nbd5 17.Na4 Rad8 18.Nc5 Qc8 19.Rac1 Ne8 20.Re1 Nec7 21.Ne4 Rd7 22.h4 Rfd8
23.Nc5 Re7 24.Bxg7 Rxe1+ 25.Rxe1 Kxg7 26.Re7 Qf5 27.Qxf5 gxf5 28.Bxd5 Nxd5
29.Rxb7 Nf4 30.Nd7 Ne2+ 31.Kh2 Nxd4 32.Ne5 Rd5 33.f4 Rb5 34.Rxf7+ Kg8 35.Rxa7 Rxb2
36.h5 h6 37.a4 Ra2 38.a5 c5 39.a6 Ne6 40.Ra8+ Kg7 41.a7 Nc7 42.Rc8 Rxa7 43.Nc6 Rb7
44.Nd8  1-0

[Event "XXXI Open"]
[Site "Mar del Plata ARG"]
[Date "2000.04.23"]
[Round "9"]
[White "Giardelli,S"]
[Black "Soppe,G"]
[Result "0-1"]
[WhiteElo "2426"]
[BlackElo "2466"]

1.c4 c6 2.Nf3 d5 3.d4 e6 4.Qc2 Nf6 5.g3 dxc4 6.Qxc4 b5 7.Qb3 Bb7 8.Bg2 a6
9.a4 c5 10.axb5 Bd5 11.Qe3 Qb6 12.O-O axb5 13.Rxa8 Bxa8 14.Nc3 Nbd7 15.Rd1 Be7
16.Ne5 Bxg2 17.Nxd7 Nxd7 18.Kxg2 O-O 19.d5 Nf6 20.dxe6 fxe6 21.f3 Qc6 22.b3 b4
23.Nb1 c4 24.bxc4 Qxc4 25.Nd2 Qd5 26.Qb3 Rc8 27.e4 Qxb3 28.Nxb3 Rc2+ 29.Rd2 Rc3
30.Rb2 Nd7 31.Bd2 Rc4 32.Na5 Rc7 33.Bxb4 Bxb4 34.Rxb4 Rc2+ 35.Kh3 Ne5 36.Rb8+ Kf7
37.Rb3 g5 38.Rb7+ Kf6 39.Rxh7 g4+ 40.fxg4 Nf3  0-1

[Event "4NCL"]
[Site "Birmingham ENG"]
[Date "2000.04.29"]
[Round "9"]
[White "Cafferty,B"]
[Black "Gormally,D"]
[Result "0-1"]
[WhiteElo "2195"]
[BlackElo "2504"]

1.c4 c6 2.e4 e5 3.Nf3 Qa5 4.Nc3 Nf6 5.Qc2 Bb4 6.Be2 O-O 7.O-O Re8 8.a3 Bf8
9.d4 d6 10.b4 Qc7 11.dxe5 dxe5 12.c5 b6 13.cxb6 axb6 14.Bb2 Ba6 15.Rfd1 Bxe2
16.Qxe2 b5 17.Qc2 Qb7 18.Nd2 Nbd7 19.Nb3 Nb6 20.Na5 Rxa5 21.bxa5 Nc4 22.Rd3 Bc5
23.Rad1 Bd4 24.Rxd4 exd4 25.Rxd4 Qa7 26.Rd1 Qxa5 27.Kf1 Ng4 28.Kg1 Qc7 29.g3 Qe5
30.Bc1 Qc5 31.Qe2 h5 32.h3 Nf6 33.Qf3 Ra8 34.Nb1 Ne5 35.Qe2 Ra4 36.Be3 Qc4
37.Qxc4 Nxc4 38.Bc1 Nxe4 39.Rd8+ Kh7 40.Rc8 b4  0-1

[Event "57th ch-POL"]
[Site "Plock POL"]
[Date "2000.05.05"]
[Round "8"]
[White "Gdanski,J"]
[Black "Grabarczyk,M"]
[Result "0-1"]
[WhiteElo "2535"]
[BlackElo "2522"]

1.c4 c6 2.e4 d5 3.exd5 cxd5 4.d4 Nf6 5.Nc3 e6 6.Nf3 Bb4 7.cxd5 Nxd5 8.Qc2 Nc6
9.Be2 O-O 10.O-O Be7 11.Rd1 Re8 12.a3 a6 13.Bd3 g6 14.Bh6 Bd7 15.Be4 Nxc3
16.bxc3 Qc7 17.c4 Rac8 18.d5 Ne5 19.Nxe5 Qxe5 20.Re1 Bd6 21.g3 exd5 22.Bf4 Qf6
23.Bxd5 Bxf4 24.gxf4 Qxf4 25.Qd3 Bc6 26.Qg3 Qf5 27.Rxe8+ Rxe8 28.Rd1 Re2
29.Rd3 Bxd5 30.Rxd5 Re1+ 31.Kg2 Qe4+ 32.Kh3 Qxc4 33.Rd7 Qe6+ 34.Qg4 Qxg4+
35.Kxg4 Rb1 36.Kf4 Kg7 37.Ke5 Rb3 38.a4 Rb2 39.a5 Rxf2 40.Kd6 Rf5 41.Rxb7 Rxa5
42.Ra7 Ra2  0-1

[Event "New York Open"]
[Site "New York USA"]
[Date "2000.05.06"]
[Round "4"]
[White "Wedberg,T"]
[Black "Arnett,D"]
[Result "1-0"]
[WhiteElo "2487"]
[BlackElo "2310"]

1.c4 c6 2.d4 d5 3.Nf3 Nf6 4.Nbd2 Bf5 5.g3 e6 6.Bg2 Be7 7.O-O Ne4 8.Qb3 Qb6
9.Ne5 O-O 10.Nxe4 Qxb3 11.axb3 Bxe4 12.Bxe4 dxe4 13.Bd2 f6 14.Ng4 Na6 15.Bc3 Rfd8
16.Rfd1 Bb4 17.Ne3 Bxc3 18.bxc3 Nc7 19.Ra2 Rd7 20.Kg2 Kf7 21.Rda1 a6 22.Nf1 b5
23.Nd2 f5 24.b4 e5 25.e3 Re7 26.Nb3 bxc4 27.Na5 exd4 28.cxd4 Re6 29.Rc2 Rb8
30.Rxc4 Rb6 31.Rac1 Nd5 32.Nxc6 Kf6 33.h4 g6 34.Kf1 h6 35.Ke2 Rd6 36.R1c2 g5
37.hxg5+ hxg5 38.Rc1 Kg7 39.Rc5 f4 40.gxf4 gxf4 41.exf4 Nxf4+ 42.Ke3 Nd3
43.Rg1+ Kf6 44.Ne5 Nxc5 45.bxc5 Rb3+ 46.Kxe4 Re6 47.f4 a5 48.f5 Re8 49.Rg6+ Ke7
50.f6+  1-0

[Event "Capablanca Mem Premier I"]
[Site "Varadero CUB"]
[Date "2000.05.08"]
[Round "2"]
[White "Franco Ocampos,Z"]
[Black "Perez,Lu"]
[Result "1/2-1/2"]
[WhiteElo "2511"]
[BlackElo "2459"]

1.c4 c6 2.d4 d5 3.e3 Nf6 4.Nf3 e6 5.Bd3 Nbd7 6.O-O Bd6 7.Nbd2 O-O 8.e4 dxe4
9.Nxe4 Nxe4 10.Bxe4 h6 11.Bc2 e5 12.c5 Bc7  1/2-1/2

[Event "Capablanca Mem Elite"]
[Site "Varadero CUB"]
[Date "2000.05.10"]
[Round "4"]
[White "Nogueiras,J"]
[Black "Kobalija,M"]
[Result "1/2-1/2"]
[WhiteElo "2563"]
[BlackElo "2593"]

1.c4 c6 2.d4 d5 3.cxd5 cxd5 4.Bf4 Nc6 5.e3 Nf6 6.Nc3 a6 7.Bd3 Bg4 8.Nge2 e6
9.Rc1 Bd6 10.f3 Bh5 11.O-O Bg6 12.Na4 O-O 13.Nc5 Bxc5 14.Rxc5 Qb6 15.Bxg6 hxg6
16.Qb3 Qxb3 17.axb3 Nd7 18.Rc3 Rfc8 19.Rfc1 a5 20.Bd6 Ra6 21.Nf4 Rca8 22.Ba3 Rb6
23.Nd3 Rb5 24.Kf2 f6 25.Nc5 Nxc5 26.Bxc5 Ra6 27.Ra1 Kf7 28.Ra4 Nb8 29.Ra1 Rc6
30.Rac1 Rc8 31.R1c2 Nc6 32.Ke2 Rh8 33.h3 e5 34.Rc1 Rh4 35.Kd3 Ke6 36.Ra1 g5
37.Ra4 e4+ 38.fxe4 Rxe4 39.b4 axb4 40.Rc1 Kf7 41.Ra8 f5 42.g3 Kg6 43.b3 Na5
44.Rb1 Nc6 45.Rc1 Na5 46.Rb1 Nc6  1/2-1/2

[Event "FSIM May"]
[Site "Budapest HUN"]
[Date "2000.05.13"]
[Round "8"]
[White "Nemeth,Z"]
[Black "Hoenig,A"]
[Result "1/2-1/2"]
[WhiteElo "2379"]
[BlackElo "2246"]

1.c4 c6 2.Nf3 d5 3.b3 Nf6 4.g3 Bf5 5.Bb2 e6 6.Bg2 h6 7.d3 Nbd7 8.Nbd2 Bh7
9.a3 a5 10.O-O Be7 11.Bc3 c5 12.cxd5 exd5 13.d4 O-O 14.dxc5 Nxc5 15.Qc1 Nce4
16.Bd4 Rc8 17.Qb2 Nxd2 18.Qxd2 Rc2 19.Qd1 Qc8 20.Ne1 Rc6 21.Qd2 b6 22.Qb2 Be4
23.f3 Bf5 24.Rd1 Re8 25.Rd2 Bc5 26.Kh1 Bxd4 27.Qxd4 Rce6 28.Nd3 Bxd3 29.exd3 Re1
30.Qxb6 Qc1 31.Rf2 Qxa3 32.Kg1 Qa1 33.d4 Rd1 34.Rxd1 Qxd1+ 35.Bf1 Re3 36.Kg2 Rxb3
37.Qc5 g6 38.Ba6 Qa1 39.Bb7 Rb2 40.Bxd5 Rxf2+ 41.Kxf2 Qb2+ 42.Kg1 Nxd5 43.Qxd5 Qc1+
44.Kf2 Qc2+ 45.Ke3 a4 46.Qe5 Qc8 47.Kd2 Qa8 48.d5 a3 49.d6 a2 50.d7 a1=Q
51.Qxa1 Qxa1 52.d8=Q+ Kg7 53.Qd3 Qb2+ 54.Qc2 Qxc2+ 55.Kxc2 Kf6 56.Kd3 Ke5
57.Ke3 f5 58.f4+ Kd5 59.Kd3 Kc5 60.Kc3 Kd5  1/2-1/2

[Event "ch-NED"]
[Site "Rotterdam NED"]
[Date "2000.05.13"]
[Round "6"]
[White "Van den Doel,E"]
[Black "De Vreugt,D"]
[Result "0-1"]
[WhiteElo "2522"]
[BlackElo "2498"]

1.c4 c6 2.e4 d5 3.exd5 cxd5 4.d4 Nf6 5.Nc3 e6 6.Nf3 Bb4 7.cxd5 Nxd5 8.Bd2 Be7
9.Bd3 Nc6 10.O-O O-O 11.Qe2 Qb6 12.Qe4 g6 13.Na4 Qd8 14.Rac1 Nf6 15.Qe3 Nb4
16.Bxb4 Bxb4 17.Nc5 b6 18.Ne4 Bb7 19.Nxf6+ Qxf6 20.Be4 Bxe4 21.Qxe4 Bd6 22.Rc3 Rad8
23.g3 Bb8 24.Rfc1 Kg7 25.Kg2 Rd5 26.Rc8 Rfd8 27.h4 h6 28.R8c6 Qe7 29.a3 R8d7
30.Rc8 Rd8 31.R8c6 Qb7 32.b4 b5 33.Qc2 R8d7 34.Kg1 Bd6 35.Rc8 a5 36.bxa5 Bxa3
37.Ra1 b4 38.Ne5 Re7 39.Qc4 Rxa5 40.Rd8 Rc7 41.Qe2 b3  0-1

[Event "FSFM May"]
[Site "Budapest HUN"]
[Date "2000.05.16"]
[Round "11"]
[White "Bordas,G"]
[Black "Antok,D"]
[Result "1/2-1/2"]
[WhiteElo "2132"]
[BlackElo "2143"]

1.c4 c6 2.e4 d5 3.cxd5 cxd5 4.exd5 Nf6 5.Nc3 Nxd5 6.Nf3 Nxc3 7.bxc3 g6 8.d4 Bg7
9.Bd3 O-O 10.Rb1 Qc7 11.Bd2 Nc6 12.O-O Bg4 13.h3 Bxf3 14.Qxf3 e6 15.Bf4 Qa5
16.Bc4 Rac8 17.Rxb7 Ne5 18.Bxe5 Bxe5 19.Rxf7 Rxf7 20.Bxe6 Rc7 21.dxe5 Qxe5
22.Bxf7+ Rxf7 23.Qe3 Qa5 24.Qd2 Rc7 25.Rb1 Qxc3 26.Rb8+ Kg7 27.Qxc3+ Rxc3
28.Rb7+ Kh6 29.Rxa7 Rc1+ 30.Kh2 Ra1 31.Kg3 Kg5 32.h4+ Kf6 33.Kf4 h6 34.Ra6+ Kg7
35.g4 Rh1 36.Ra7+ Kf6 37.g5+ hxg5+ 38.hxg5+ Ke6 39.Ra6+ Kf7 40.Ra7+ Ke6 41.Ra6+ Kf7
42.a4 Ra1 43.a5 Ra2 44.f3 Ra1 45.Ra8 Ra2 46.a6 Ra1 47.a7 Kg7 48.Ke3 Ra3+
49.Kd4 Ra1 50.Kc3 Ra3+ 51.Kb4 Ra1 52.f4 Rb1+ 53.Kc3 Ra1 54.Rd8 Rxa7 55.Kd4 Re7
56.Kd5 Re1 57.Rd7+ Kg8 58.Kd6 Re4 59.Rd8+ Kf7 60.Rd7+ Kg8  1/2-1/2

[Event "Open"]
[Site "Pula CRO"]
[Date "2000.05.18"]
[Round "3"]
[White "Mikac,M"]
[Black "Macek,V"]
[Result "1/2-1/2"]
[WhiteElo "2418"]
[BlackElo "2244"]

1.c4 c6 2.e4 d5 3.exd5 cxd5 4.d4 Nf6 5.Nc3 e6 6.Nf3 Be7 7.cxd5 Nxd5 8.Bd3 Nc6
9.O-O Nf6 10.a3 O-O 11.Bc2 Re8 12.Re1 a6 13.Qd3 g6 14.Bg5 Nd5 15.Bxe7 Ncxe7
16.Qd2 Kg7 17.Ne5 Nf6 18.Ne4 Ned5 19.Bb3 Qb6 20.Bxd5 exd5 21.Nxf6 Qxf6 22.Rac1 Qb6
23.h4 h5 24.Rc5 Be6 25.b4 Re7 26.Nd3 Rae8 27.Nf4 Qd6 28.Re5 f6 29.Re1 Bf7
30.Rxe7 Rxe7 31.Rc1 a5 32.g3 axb4 33.axb4 Rc7 34.Rxc7 Qxc7  1/2-1/2

[Event "Open"]
[Site "Pula CRO"]
[Date "2000.05.18"]
[Round "3"]
[White "Cebalo,M"]
[Black "Bukal,V jr"]
[Result "1/2-1/2"]
[WhiteElo "2553"]
[BlackElo "2399"]

1.c4 c6 2.e4 d5 3.exd5 cxd5 4.cxd5 Nf6 5.Nc3 Nxd5 6.Nf3 Nxc3 7.bxc3 g6 8.Qa4+ Nc6
9.Ne5 Qd5 10.Nxc6 bxc6 11.Bd3 Qxd3 12.Qxc6+ Qd7 13.Qxa8 Qe6+ 14.Kd1 Bg7 15.Re1 Qd7
16.Qe4 O-O 17.Rb1 Qd6 18.Qxe7 Qxh2 19.Ba3 Qxg2 20.Qe3 Qg4+ 21.Kc1 Qa4 22.Bxf8 Bxf8
23.Qe8 Bd7 24.Qd8 Qxa2 25.Rb8 Qa1+ 26.Kc2 Qa2+ 27.Kd3 Qd5+ 28.Kc2 Qa2+  1/2-1/2

[Event "City-ch"]
[Site "Lisbon POR"]
[Date "2000.05.19"]
[Round "4"]
[White "Andrade,J"]
[Black "Rodrigues,R"]
[Result "1/2-1/2"]
[WhiteElo "2196"]
[BlackElo "2128"]

1.c4 c6 2.e4 d5 3.exd5 Nf6 4.d4 cxd5 5.Nc3 e6 6.Nf3 Bb4 7.Bd3 dxc4 8.Bxc4 O-O
9.O-O Nc6 10.Bg5 Be7 11.Rc1 b6 12.Qe2 Bb7 13.Rfd1 Nb4 14.Ne5 Rc8 15.a3 Nbd5
16.Ba6 Nxc3 17.bxc3 Qd5 18.Bxb7 Qxb7 19.a4 Ba3 20.Rc2 Ne4 21.Bd2 Rfd8 22.Be1 Rc7
23.f3 Nf6 24.Ra2 Be7 25.a5 Nd5 26.Qb2 f6 27.Nd3 Rdc8 28.axb6 axb6 29.Qb3 Qc6
30.Rc1 Qc4 31.Qxc4 Rxc4 32.Ra7 Kf7 33.Rb1 Nxc3 34.Rxb6 Nd5 35.Rbb7 R8c7 36.Rxc7 Rxc7
37.Rxc7 Nxc7 38.Bc3 Nd5 39.Bb2 Bd6 40.Kf2 Nf4 41.Nc1 Bb4 42.g3 Nd5 43.Ne2 Kg6
44.f4 h5 45.h3 Bd6 46.Kf3 Kf7 47.Ke4 f5+ 48.Kf3 Nf6 49.Bc3 Ne4 50.Ba5 Be7
51.Bc7 Bd6 52.Bb6 Ke7 53.g4 hxg4+ 54.hxg4 Kf6 55.Bd8+ Kg6 56.Bh4 Nf6 57.Bxf6 gxf6
58.gxf5+ Kxf5 59.Ng3+ Kg6 60.Ne4 Be7 61.Nc3 Kf5 62.Nd1 Bd6 63.Ne3+ Kg6 64.Ke4 f5+
65.Kf3 Kf6 66.Nc4 Bc7 67.Nd2 Bd6 68.Nf1 Bc7 69.Ng3 Bd6 70.Ke3 Bc7 71.Ne2 Bd6
72.Ng1 Bc7 73.Nf3 Bd6 74.Ne1 Bc7 75.Nd3 Bd6 76.Kd2 Bc7 77.Kc3 Bxf4 78.Nxf4 e5
79.Nd5+ Ke6 80.Nc7+ Kd6 81.Ne8+ Kd5 82.Nf6+ Ke6 83.Nh5 exd4+ 84.Kxd4 f4 85.Ke4 f3
86.Nf4+ Kf6 87.Nd5+ Kg5 88.Ne3 f2 89.Nf1 Kg4 90.Ke3 Kf5 91.Kxf2  1/2-1/2

[Event "It"]
[Site "Sisak CRO"]
[Date "2000.05.19"]
[Round "5"]
[White "Biolek,R"]
[Black "Videki,S"]
[Result "1/2-1/2"]
[WhiteElo "2432"]
[BlackElo "2439"]

1.c4 c6 2.d4 d5 3.Nc3 Nf6 4.Nf3 dxc4 5.a4 Bf5 6.e3 e6 7.Bxc4 Bb4 8.O-O Nbd7
9.Qe2 Bg6 10.Rd1 O-O  1/2-1/2

[Event "Capablanca Mem Mixto"]
[Site "Varadero CUB"]
[Date "2000.05.21"]
[Round "12"]
[White "Hernandez,T"]
[Black "Marrero,Y"]
[Result "1-0"]
[WhiteElo "2216"]
[BlackElo "2130"]

1.c4 c6 2.b3 d5 3.Bb2 Nf6 4.g3 Bg4 5.Bg2 Nbd7 6.d4 e6 7.Nd2 Bd6 8.Ngf3 O-O
9.O-O Qe7 10.Ne5 Bf5 11.f3 Nxe5 12.dxe5 Bc5+ 13.Kh1 Nd7 14.g4 Bg6 15.f4 f6
16.cxd5 cxd5 17.f5 Bf7 18.exf6 Nxf6 19.e4 Nxe4 20.Nxe4 dxe4 21.f6 Qc7 22.fxg7 Rfd8
23.Qc2 Bg6 24.Rac1 b6 25.b4 e3 26.Qc4 Rd2 27.Qxe6+ Bf7 28.Rxf7 Qxf7 29.Qxf7+ Kxf7
30.Bxa8 e2 31.Re1 Rd1 32.Kg2 Rxe1 33.Bd5+ Ke7 34.Kf3 Rb1 35.Kxe2 Rxb2+ 36.Kd3 Bxb4
37.g8=Q Rd2+ 38.Ke4 Rxh2 39.Qf7+ Kd8 40.Qxa7 Bc5 41.Kd3 Rh3+ 42.Ke4 Re3+
43.Kf5 Re7 44.Qb8+ Kd7 45.a4 Bd4 46.Qb7+ Kd8 47.Qa8+ Kc7 48.Be6  1-0

[Event "zt 1.8"]
[Site "Minsk BLR"]
[Date "2000.05.27"]
[Round "2"]
[White "Iordachescu,V"]
[Black "Ibrahimov,R"]
[Result "1-0"]
[WhiteElo "2560"]
[BlackElo "2415"]

1.c4 c6 2.e4 d5 3.exd5 cxd5 4.d4 Nf6 5.Nc3 e6 6.Nf3 Bb4 7.Bd3 dxc4 8.Bxc4 O-O
9.O-O b6 10.Bg5 Bb7 11.Rc1 Nbd7 12.Qe2 Bxc3 13.Rxc3 Qb8 14.Bh4 Qf4 15.Bg3 Qf5
16.Ne5 Nxe5 17.dxe5 Ne4 18.Re3 Nxg3 19.hxg3 Rfd8 20.f4 h5 21.Rd1 Rac8 22.b3 Qg4
23.Qxg4 hxg4 24.Red3 Rxd3 25.Rxd3 Rc7 26.Rd2 Be4 27.Kf2 Kf8 28.Ke3 Bb7 29.Kf2 Ke7
30.Be2 Bd5 31.Bxg4 Rc1 32.Bf3 Bc6 33.g4 g6 34.Kg3 Rc3 35.Rd4 Bxf3 36.gxf3 Rc2
37.a4 Rc3 38.b4 Rc1 39.b5 Rc3 40.Kf2 Rc2+ 41.Ke3 Rc3+ 42.Kf2 Rc2+ 43.Kg3 Rc3
44.Rb4 Ke8 45.a5 bxa5 46.Ra4 Rc5 47.Rxa5 a6 48.Rxa6 Rxb5 49.Ra8+ Ke7 50.Kh4 Rb3
51.f5 exf5 52.gxf5 Rxf3 53.Ra7+ Ke8 54.f6 Rf5 55.Re7+ Kf8 56.Kg4 Rf1 57.Ra7 Rg1+
58.Kf3 Ke8 59.Ke4 Re1+ 60.Kf4 g5+ 61.Kxg5 Rg1+ 62.Kf4 Rf1+ 63.Kg4 Rg1+ 64.Kf3 Re1
65.Ra8+ Kd7 66.Kf4 Rf1+ 67.Ke4 Re1+ 68.Kf5 Rf1+ 69.Kg5 Rg1+ 70.Kh6 Ke6 71.Re8+ Kf5
72.Kh7 Rg2 73.Rg8 Re2 74.Kg7 Rxe5 75.Kxf7 Ra5 76.Kg7  1-0